| 000 | 00911nam a22002657a 4500 | ||
|---|---|---|---|
| 003 | DO-SdBNP | ||
| 005 | 20230417153919.0 | ||
| 007 | ta | ||
| 008 | 100322s2017 dr a 000 0 spa d | ||
| 020 | _a9789945089950 | ||
| 040 |
_aDO-SdBNP _bspa _cBNPHU |
||
| 082 | 4 |
_bM385 _222 |
|
| 100 | 1 |
_aMartínez de Macarrulla, Lidia _937920 |
|
| 245 | 1 | 0 |
_aPor los senderos de la vida / _cLidia Martínez de Macarrulla ; prólogo Homero Luis Lajara Solá ; ilustraciones Moisés Alberto Feliz Peña |
| 260 |
_aSanto Domingo : _bBúho, _c2017. |
||
| 300 |
_a163 p. : _bil. _c23 cm. |
||
| 490 | 1 | _aCuentos sociales ; | |
| 500 | _aIncluye datos biográficos de la autora. | ||
| 590 | _aInventariado, 2021/ YL | ||
| 700 | 1 |
_aLajara Burgos, Luis Homero, _d1920-1994 _eprol. _917778 |
|
| 700 | 1 |
_aFeliz Peña, Moisés Alberto, _eil. _978292 |
|
| 830 | 0 |
_aCuentos sociales _978293 |
|
| 910 | _aYLockward | ||
| 942 |
_2ddc _cLBS1 |
||
| 999 |
_c49698 _d49698 |
||